| 000 | 00513nam a2200181Ia 4500 | ||
|---|---|---|---|
| 008 | 210719s1970 xx 000 0 und d | ||
| 020 | _a0-14-08-0139-1 | ||
| 041 | _aeng | ||
| 082 | _a338.9 SENG | ||
| 100 | _aSEN (Amartya) Ed | ||
| 245 |
_aGrowth economics _bSelected readings |
||
| 260 |
_aEngland _bPenguin Books _c1970 |
||
| 300 |
_a548 _bPB |
||
| 440 | _aPenguin modern economics readings | ||
| 650 | _aEconomic Development | ||
| 650 | _aEconomics | ||
| 906 | _aeconomics ; Growth ; readings ; Selected | ||
| 999 |
_c214414 _d214414 |
||